000 00822nam a22002297a 4500
005 20240530110439.0
008 150418s2010 ua g 000 0 ara d
017 _a2009/19584
_bمصر . دار الكتب المصرية
020 _a9789774275361
040 _aEG-CaGPL
082 0 4 _221
_a214.81\
_bم و
100 0 _aمبروك عطية .
245 1 2 _aالوسطية فى الدين و الابداع /
_cمبروك عطية .
250 _aط1.
260 _aالقاهرة :
_bالدار المصرية اللبنانية ،
_c2010.
300 _a248 ص ؛
_c24 سم.
504 _aيشتمل على ارجاعات ببليوجرافية
650 0 4 _aالثقافة الاسلامية.
650 0 4 _aالاسلام والمجتمع.
942 _2ddc
_cBK
999 _c61012
_d61012